Les Bouches-du-Rhône en images - Statistiques

Statistiques générales
  • Ce quiz a été pris 159 fois
  • Le résultat moyen est 11 sur 18
Statistiques - réponses
Par images Hint Réponse % Correct
Sport Pétanque
99%
Fleurs Lavande
96%
Formation géologique Calanque
95%
Film Taxi
93%
Série télévisée Plus belle la vie, encore plus belle
84%
Basilique Notre-Dame de la Garde
81%
Confiserie Calisson
80%
Figurines traditionnelles Santons
72%
Tableau La Nuit étoilée
68%
Parc naturel Camargue
63%
Circuit automobile Circuit Paul-Ricard
48%
Ville Martigues
43%
Parc d'attraction OK Corral
43%
Unité d'habitation Cité radieuse de Marseille
42%
Écrivain et cinéaste Marcel Pagnol
42%
Jardin public Parc Borély
30%
Amphithéatre romains Arènes d'Arles
28%
Footballeur Romain Allesandrini
8%
Aucun quiz correspondant
Distribution des résultats
% des personnes avec chaque résultat
Percentile par nombre de réponses
Votre historique - résultats
Vous n’avez pas pris ce quiz